000
00225 a2200097 4500
001
54140
100
_a
Aslam Muhammad,Khawaja
245
_a
Istilahat-e-Quran
260
_a
Lahore
_b
Ferozsons Ltd
_c
1998
090
_c
33751
_d
33751
942
_a
NUST-CAE
_c
M
_c
26393
999
_c
289213
_d
289213